000 00346nam a2200145 i 4500
001 bg
100 1 _aPETERS, J.
245 0 _aDesjatiznaćnye tablicy logoritmov ćisel ot 1 do 100000 /
_cJ. Peters.
250 _aWyd.2.
260 _aMoskwa,
_c1975.
040 _cBPK
041 _apol
942 _cKS
008 s pl f |000 0 pol
999 _c520
_d520
856 _uhttp://koha.tu.koszalin.pl/cgi-bin/koha/opac-detail.pl?biblionumber=520
_yKatalog online BPK